000 01066naa a2200193 i 4500
001 9678
003 KOSZ 005
005 20180410134938.0
008 151212s2005 pl n f |100 0pol
040 _cBPK
_dKOSZ 005/EG
100 1 _aBANASZAK, Zbigniew.
_d2003 - .
_bPolitechnika Koszalińska - Wydział Elektroniki i Informatyki,
_cKatedra Telekomunikacji
245 1 0 _aZastosowanie metod programowania z ograniczeniami do planowania zajęć /
_cZbigniew Banaszak, Grzegorz Bocewicz, Krzysztof Bzdyra.
650 0 _aProgramowanie.
655 0 _aMateriały konferencyjne.
700 1 _aBOCEWICZ, Grzegorz.
_bPolitechnika Koszalińska - Wydział Elektroniki i Informatyki,
_d2006 - .
_cZakład Podstaw Informatyki i Zarządzania
700 1 _aBZDYRA, Krzysztof.
_bPolitechnika Koszalińska - Wydział Elektroniki i Informatyki,
_d2004 - .
_cKatedra Telekomunikacji
773 0 _iW :
_tSystemy informacyjne w kształceniu technicznym / pod red. A. Świć. -
_dLublin : Wydaw. Uczelniane Politechniki Lubelskiej 2005. -
_gs. 20-26
942 _cROZ
_2UKD
999 _c9678
_d9678